000 00541cam a2200181 4500500
005 20260329004720.0
041 _afre
042 _adc
100 1 0 _aN’Diaye, Aïda
_eauthor
245 0 0 _aRaviver les braises du vivant
260 _c2020.
500 _a39
690 _aBaptiste Morizot
690 _aNature
690 _aVivant
786 0 _nPhilosophie magazine | 145 | 1 | 2020-12-01 | p. 73-74 | 1951-1787
856 4 1 _uhttps://shs.cairn.info/magazine-philosophie-magazine-2020-12-1-page-73?lang=fr&redirect-ssocas=7080
999 _c1836565
_d1836565